00345nam a2200133Ia 4500008004100000020002200041041000800063082001400071100001700085245005500102250001000157260003500167300000900202250602s2025 xx 000 0 und d a978-93-341-0604-6 aeng a657.2/MAH aMahekar, V B aAdvanced Cost AccountancybM.Com. I, Sem- I, P- II a1 Ed. aKolhapurbMS Publicationc2025 a112p